000 00755nam a2200253Ia 4500
003 OSt
005 20221005091213.0
006 a|||||r|||| 00| 0
007 ta
008 221004b |||||||| |||| 00| 0 eng d
020 _a9780199747252 (pbk)
_c1225
024 _a22073
037 _b057, 10/07/2013, University Book House
_cTextual
040 _aCRL
_cCRL
_beng
041 _2eng
_aeng
082 _aYxM64,PE, Q1
100 _aWeber Max
245 0 _aProtestant ethic and the spirit of capitalism
260 _aNew York
_bOxford University Press USA
_c2011
300 _a442p.
_ccm.
650 _aSOCIOLOGY
942 _hYxM64,PE, Q1
_cTEXL
_2cc
999 _c996931
_d996931